Classic readings in cultural anthropology / (Record no. 6956)
[ view plain ]
| 000 -LEADER | |
|---|---|
| fixed length control field | 01917cam a2200277 4500 |
| 001 - CONTROL NUMBER | |
| control field | 8079 |
| 003 - CONTROL NUMBER IDENTIFIER | |
| control field | OCoLC |
| 005 - DATE AND TIME OF LATEST TRANSACTION | |
| control field | 20181127185034.0 |
| 008 - FIXED-LENGTH DATA ELEMENTS--GENERAL INFORMATION | |
| fixed length control field | 071213s2009 cau b 000 0 eng |
| 010 ## - LIBRARY OF CONGRESS CONTROL NUMBER | |
| LC control number | 2007943305 |
| 020 ## - INTERNATIONAL STANDARD BOOK NUMBER | |
| International Standard Book Number | 0495507369 |
| International Standard Book Number | 9780495507369 |
| 092 ## - LOCALLY ASSIGNED DEWEY CALL NUMBER (OCLC) | |
| Classification number | 306 |
| Item number | C614r 2009 |
| 100 ## - MAIN ENTRY--PERSONAL NAME | |
| Personal name | Ferraro, Gary |
| Numeration | |
| Titles and words associated with a name | |
| Dates associated with a name | |
| Relator term | |
| Fuller form of name | |
| 245 00 - TITLE STATEMENT | |
| Title | Classic readings in cultural anthropology / |
| Statement of responsibility, etc. | [compiled by] Gary Ferraro |
| 250 ## - EDITION STATEMENT | |
| Edition statement | 2nd ed |
| 260 ## - PUBLICATION, DISTRIBUTION, ETC. | |
| Place of publication, distribution, etc. | Belmont, CA : |
| Name of publisher, distributor, etc. | Wadsworth, |
| Date of publication, distribution, etc. | 2009 |
| 300 ## - PHYSICAL DESCRIPTION | |
| Extent | 138 p. ; |
| Dimensions | 24 cm |
| 504 ## - BIBLIOGRAPHY, ETC. NOTE | |
| Bibliography, etc. note | Includes bibliographical references |
| 520 ## - SUMMARY, ETC. | |
| Summary, etc. | ""Practical and insightful, this concise, inexpensive, and accessible reader presents core historical and contemporary works that have been instrumental in shaping anthropological thought and research over the past decades. Carefully edited by author Gary Ferraro, the text includes classic readings selected from scholarly works on the basis of their enduring themes and contributions to the discipline."" --Book Jacket |
| Summary, etc. | CONTENT: Perspectives on Culture -- 1. Body Ritual Among the Nacirema -- 2. Queer Customs -- Language and Communication -- 3. Rapport-talk and Report-talk -- 4. The sounds of silence -- Economics and Ecology -- 5. Eating Christmas in the Kalahari -- 6. The domestication of wood in Haiti -- Marriage and the Family -- 7. Arranging a marriage in India -- 8. Death without weeping -- Gender -- 9. Society and Sex Roles -- 10. Women and Men in!Kung Society -- Political and Social Control -- 11. The Kpelle Moot -- 12. Anthropology and counterinsurgency -- Supernatural Beliefs -- 13. The Notion of Witchcraft Unfortunate Events -- 14. Baseball Magic -- Culture Change -- 15. Steel Axes for Stone-Age Australians -- 16.Globalization and Thomas Friedman. |
| 650 #0 - SUBJECT ADDED ENTRY--TOPICAL TERM | |
| Topical term or geographic name entry element | Ethnic groups |
| Topical term or geographic name entry element | Ethnology |
| 700 1# - ADDED ENTRY--PERSONAL NAME | |
| Personal name | Ferraro, Gary P |
| Withdrawn status | Lost status | Source of classification or shelving scheme | Damaged status | Not for loan | Collection code | Home library | Current library | Shelving location | Serial Enumeration / chronology | Inventory number | Total Checkouts | Full call number | Barcode | Date last seen | Price effective from | Koha item type |
|---|---|---|---|---|---|---|---|---|---|---|---|---|---|---|---|---|
| Dewey Decimal Classification | Main TEST | RTC Library | RTC Library | Main opac | 12196 | 306 FER | 30012653 | 27/11/2018 | 27/11/2018 | Main |